000 00450nam a2200205Ia 4500
999 _c37085
_d37085
003 0100
005 20170823143752.0
008 130303s9999 xx 000 0 und d
020 _a0486217396
040 _cARRUPELIB
050 _aB92.M313 1967
100 _aMarias, Julian
_935087
245 _aHistory of philosophy
260 _bDover Publications
_aNew York
_c1967
300 _a505p.
300 _b 21 cm
650 _aPHILOSOPHY
_935088
650 _aPhilosophy
_xHistory
_91338
942 0 0 _06
_2lcc
_cMONOGRAPH